000 00334nam a22001577a 4500
005 20160628151135.0
008 160628b xxu||||| |||| 00| 0 eng d
020 _a978-1-59139-111-1
041 _aeng
082 _b10939
245 _aNegotiation
260 _bHarvard
300 _a141
650 _aManagement
_9241
942 _cBK
999 _c4506
_d4505